[Event "HCL-C158"]
[Site "www.playchess.de"]
[Date "2001.02.26"]
[Round "7"]
[White "Allesnehmer"]
[Black "arsenic"]
[WhiteElo "1849"]
[BlackElo "1248"]
[PlyCount "51"]
[Result "1-0"]

1.d4 e6 2.e4 d5 3.Nc3 Bb4 4.e5 c5 5.a3 Ba5 6.b4 
cxd4 7.Nb5 Bc7 8.f4 Bd7 9.Nf3 Ne7 10.Nxc7+ Qxc7 
11.Bd3 Nbc6 12.O-O O-O 13.Bb2 Ng6 14.Qd2 Qb6 
15.Rf2 f6 16.Bxg6 hxg6 17.Bxd4 Nxd4 18.Nxd4 Rf7 
19.Re1 Qd8 20.exf6 Qxf6 21.Re5 Raf8 22.Rf3 Qh4 
23.Nxe6 Bxe6 24.Rxe6 R7xf4 25.Qxd5 Qd8 
26.Rd6+ 1-0

[Event "HCL-B152"]
[Site "www.playchess.de"]
[Date "2001.02.26"]
[Round "14"]
[White "Ciociosan"]
[Black "Morpheus"]
[WhiteElo "1500"]
[BlackElo "1328"]
[PlyCount "49"]
[Result "1-0"]

1.d4 Nf6 2.c4 g6 3.Nc3 d5 4.cxd5 Nxd5 5.e4 Nxc3 
6.bxc3 c5 7.Bb5+ Bd7 8.Be2 Bg7 9.Nf3 O-O 10.O-O 
cxd4 11.cxd4 e6 12.Ba3 Re8 13.Rc1 Bc6 14.Qd3 {lets 
play some more moves}  Qd7 15.Rfe1 a6 16.Ne5 Qd8 
17.Qe3 Nd7 18.Nxc6 bxc6 19.Rxc6 Nb8 20.Rc4 Qa5 
21.Rec1 Nd7 22.R4c7 Nf6 23.Qf3 {.}  Bh6 24.Qxf6 
Bxc1 25.Qxf7+ 1-0

[Event "HCL-B152"]
[Site "www.playchess.de"]
[Date "2001.02.26"]
[Round "16"]
[White "Steve_Jackson"]
[Black "Tinho"]
[WhiteElo "1200"]
[BlackElo "1200"]
[PlyCount "38"]
[Result "0-1"]

1.d4 d5 2.Nc3 Nf6 3.Bf4 e6 4.Nb5 Na6 5.e3 c6 6.Nc3 
Bd6 7.Nf3 Bxf4 8.exf4 Qb6 9.Bd3 Qxb2 10.Na4 Qa3 
11.c3 b5 12.Nc5 Qxc3+ 13.Nd2 Nxc5 14.Bc2 Nce4 
15.Rc1 Qxd4 16.Bxe4 Nxe4 17.O-O Qxd2 18.Qxd2 Nxd2 
19.Rfd1 Nc4 0-1

[Event "HCL-C163"]
[Site "www.playchess.de"]
[Date "2001.02.26"]
[Round "11"]
[White "Nutz"]
[Black "ATP"]
[WhiteElo "1119"]
[BlackElo "1000"]
[PlyCount "76"]
[Result "0-1"]

1.e4 d5 {*handshake* nice game}  2.Nc3 {*grins* 
Same to you}  e6 { )}  3.Nf3 {you chat online?}  
Nf6 {oh, no sorry, I*m not a chatter ; )}  4.Bb5+ 
{No problem - was just wondering - I used to chat 
a lot - but haven't done in about a year}  c6 
{many Chess-"Monsters" talking in a few words- and 
my English is very poooor  ; (}  5.Ba4 {Well I 
can't speak German :(}  b5 {oh, that*s ok  ; )}  
6.Bb3 a5 { )}  7.a4 Nxe4 8.Qe2 Nxc3 9.dxc3 b4 
10.cxb4 Bxb4+ 11.c3 Ba6 12.Qe5 Bf8 13.Nd4 Nd7 
14.Qf4 c5 15.Nc6 Qb6 16.Bxd5 Bb7 17.Qe4 Bxc6 
18.Bxc6 Rc8 19.Bb5 Rd8 20.Be3 Be7 21.Rd1 Qc7 
22.Qg4 O-O 23.Bd3 Ne5 24.Qf4 Nxd3+ 25.Rxd3 Qxf4 
26.Bxf4 Rxd3 {nice weekend -andy}  27.O-O {hope 
you enjoyed your weekend}  Bd6 {yes, of course, a 
nice party-weekend in Berlins nightlife}  28.g3 
{You live in Berlin?}  Bxf4 {oh yes, great City}  
29.gxf4 {I live in Jhb}  Rb8 {oh, very hot 
weather, in Berlin the weather was fresh and windy 
in Jan.}  30.b4 {It is hot at the moment but get's 
very cold in winter}  Rxc3 { ; )}  31.bxa5 Ra8 { 
)}  32.Rd1 c4 { )}  33.a6 Rd3 { )}  34.Rc1 c3 
35.Rb1 c2 36.Rb7 c1Q+ {%}  37.Kg2 Qc6+ 38.Kg1 Rd1+ 
{I wish you a good Time  ; )}  0-1

[Event "HCL-A071"]
[Site "www.playchess.de"]
[Date "2001.02.26"]
[Round "36"]
[White "Rifleman"]
[Black "Kaiko"]
[WhiteElo "1678"]
[BlackElo "1700"]
[PlyCount "34"]
[Result "0-1"]

1.e4 c5 2.Nf3 Nc6 3.Bc4 g6 4.d4 cxd4 5.Nxd4 Bg7 
6.Qf3 Ne5 7.Qe2 Qa5+ 8.Bd2 Qc5 9.b4 Qxc4 10.Bc3 
Qxe2+ 11.Kxe2 Kf8 12.Nb5 d6 13.f4 Bg4+ 14.Kf2 Nc4 
15.Bxg7+ Kxg7 16.N1c3 Nf6 17.Rhe1 
a6 0-1

[Event "HCL-C167"]
[Site "www.playchess.de"]
[Date "2001.02.26"]
[Round "16"]
[White "Lubika"]
[Black "smsemb"]
[WhiteElo "1000"]
[BlackElo "1467"]
[PlyCount "38"]
[Result "0-1"]

1.d4 d5 2.Nf3 Nf6 3.Bf4 e6 4.Nc3 Bb4 5.e3 Ne4 
6.Qd3 c5 7.dxc5 O-O 8.Bd6 Re8 9.Nd2 Nxd6 10.cxd6 
Qxd6 11.Rd1 Nc6 12.Nb5 Qd8 13.c3 Ba5 14.a3 e5 
15.c4 dxc4 16.Qxc4 Be6 17.Qc2 Nd4 18.Nxd4 exd4 
19.exd4 Bb3+ 0-1

[Event "HCL-B158"]
[Site "www.playchess.de"]
[Date "2001.02.26"]
[Round "10"]
[White "Jeff_Foster"]
[Black "assmonkey"]
[WhiteElo "1364"]
[BlackElo "1200"]
[PlyCount "53"]
[Result "1-0"]

1.d4 Nf6 {Good luck.}  2.c4 e6 3.Nc3 Bb4 4.Qc2 O-O 
5.a3 Ba5 6.b4 {D'oh :( 6. b4 Bb6 7. c5 and your 
bishop is trapped, you need to play Bxc3 in this 
line}  Nc6 {Very good move.  I not very familiar 
with openings involving c4.}  7.bxa5 Nxd4 {I spend 
most of my time with endgame study.  As you can 
see, I need to catch up with my openings.}  8.Qa4 
{Endgame study?  I'll have to hope we don't get to 
an endgame, i'm no good at them!}  c6 {I was 
losing a bunch of games where I was in a winning 
postions because of my lack of endgame play.}  
9.e3 {I'm always doing that :)}  Nf5 10.Bd3 d5 
11.Nge2 b5 12.cxb5 cxb5 {I'm not looking too good 
here.}  13.Qxb5 {true, though I have been known to 
lose in positions better than this :)}  Qd7 
14.Bxf5 Qxb5 15.Nxb5 exf5 16.Bb2 Ne4 17.Be5 Ba6 
18.Nc7 Rac8 19.Nxa6 Rc2 20.Nb4 Rc5 21.a6 Re8 
22.Bd4 Rc7 23.O-O g5 24.Nxd5 Rc2 25.Ng3 Nxg3 
26.hxg3 Re6 27.Rfc1 1-0

[Event "HCL-A073"]
[Site "www.playchess.de"]
[Date "2001.02.26"]
[Round "9"]
[White "Meho"]
[Black "oiram"]
[WhiteElo "1700"]
[BlackElo "1700"]
[PlyCount "50"]
[Result "1/2-1/2"]

1.e4 {hi}  e5 {good luck}  2.Nf3 Nc6 3.Bc4 
{regards from Turkey}  Bc5 4.c3 Nf6 5.d4 exd4 
6.cxd4 Bb4+ 7.Nc3 Nxe4 8.O-O Bxc3 9.bxc3 d5 10.Bd3 
O-O 11.Qc2 f5 12.Bf4 h6 13.h3 g5 14.Bh2 a6 15.Ne5 
Nxe5 16.Bxe5 Be6 17.f3 Nd6 18.Rfe1 Qd7 19.Re2 c6 
20.Rae1 Ne4 21.fxe4 fxe4 22.Bxe4 dxe4 23.Qxe4 Bf5 
24.Qe3 Rae8 25.Qg3 Kh7 1/2-1/2

[Event "ACL-A092"]
[Site "www.playchess.de"]
[Date "2001.02.26"]
[Round "4"]
[White "Yogibear"]
[Black "jjbranc"]
[WhiteElo "1768"]
[BlackElo "1500"]
[PlyCount "65"]
[Result "1-0"]

1.c4 {hi, have a nice game!}  e5 2.g3 d6 {Hi!  
Good Luck!}  3.Bg2 g6 4.Nc3 {hi, have a nice game 
and good luck!}  Nf6 5.Nf3 e4 6.Ng5 Bg7 7.Ngxe4 
O-O 8.Nxf6+ Qxf6 9.O-O Qe5 10.Nd5 Na6 11.d4 Qe6 
12.b4 c6 13.b5 cxd5 14.bxa6 Rb8 15.Bxd5 Qh3 16.Bf4 
Rd8 17.c5 Qf5 18.e4 Qh3 19.Bxd6 Bg4 20.f3 Be6 
21.Bxb8 Rxb8 22.axb7 Rxb7 23.Bxb7 Bc4 24.Re1 Qd7 
25.Bd5 Bb5 26.Rb1 Ba4 27.Rb8+ Bf8 28.Qd2 Qc7 
29.Reb1 Bc6 30.Qh6 Qe7 31.Bxc6 a5 32.R1b7 Qxb7 
33.Rxf8+ 1-0

[Event "HCL-B170"]
[Site "www.playchess.de"]
[Date "2001.02.26"]
[Round "6"]
[White "SAROS"]
[Black "Chessamateur"]
[WhiteElo "1315"]
[BlackElo "1526"]
[PlyCount "46"]
[Result "0-1"]

1.b3 e5 {Greetings and good luck}  2.Bb2 {thanks 
and good luck too}  d6 3.e4 Nf6 {Let's play! :-)}  
4.Bd3 Bg4 5.f3 Bh5 6.g4 Bg6 7.h4 h6 8.Qe2 Nc6 
9.Bb5 Qd7 10.Nc3 Be7 11.O-O-O a6 12.Bxc6 Qxc6 
13.Nh3 O-O-O 14.Nf2 Nd7 15.Nd3 Nc5 16.Nb4 Qd7 
17.Ba3 Ne6 18.Nxa6 Nd4 19.Qd3 bxa6 20.Qxa6+ Kb8 
21.Bb2 Qc6 22.Qf1 Kb7 23.Nd5 Qxc2+ {I can't 
believe you made that move! We had a great game 
going; a long battle yet to fight.} 
 0-1

[Event "HCL-C177"]
[Site "www.playchess.de"]
[Date "2001.02.26"]
[Round "1"]
[White "livingmike"]
[Black "dg"]
[WhiteElo "1000"]
[BlackElo "1115"]
[PlyCount "40"]
[Result "0-1"]

1.e4 {hello}  e5 2.Nf3 Nc6 3.Nc3 d6 4.Bb5 Bd7 
5.Qe2 Nb4 6.Qd1 c6 7.Bc4 h6 8.h3 Nf6 9.d3 Be7 
10.a3 Na6 11.h4 Bg4 12.O-O Nd7 13.Qd2 Bxf3 14.g3 
Bxh4 15.Kh2 Bg5 16.Qe1 Nf6 17.b4 Ng4+ 18.Kh3 Qd7 
19.d4 Ne3+ 20.g4 Qxg4+ 0-1

[Event "HCL-B174"]
[Site "www.playchess.de"]
[Date "2001.02.26"]
[Round "5"]
[White "Bauernopfer"]
[Black "Whatever"]
[WhiteElo "1325"]
[BlackElo "1500"]
[PlyCount "90"]
[Result "0-1"]

1.e4 c5 2.Nf3 Nc6 {Guten Tag Bauernopfer, where is 
the Bauernopfer (d4,c3)?}  3.Nc3 {Moin, have you 
just used a dictionary or can you speak German.}  
g6 {Let's say I have been to Germany before and I 
can say more than just Sauerkraut mit Bratwurst.}  
4.Bc4 {I don´t like Sauerkraut. And I don´t 
understand why we are called Sauerkraut-eaters.}  
Bg7 {I don't understand that either and I don't 
like Sauerkraut.}  5.d3 {Where and how long have 
you been in Germany?}  e6 6.O-O {.}  Nge7 7.Bg5 
O-O 8.Qd2 f6 9.Be3 b6 10.h3 Kh8 11.a3 d5 12.exd5 
exd5 13.Bb3 d4 14.Bh6 dxc3 15.Bxg7+ Kxg7 16.Qxc3 
Nd4 17.Nxd4 Qxd4 18.Qxd4 cxd4 19.Rfe1 Nc6 20.Bd5 
Bd7 21.Re4 Rad8 22.Rae1 Rfe8 23.R4xe8 Rxe8 24.Rc1 
Ne5 25.b3 Be6 26.Bxe6 Rxe6 27.a4 Rc6 28.Kf1 Nxd3 
29.Rd1 Nc5 30.Rxd4 Rc7 31.g3 f5 {Sorry. I can't 
accept draw right now.}  32.f3 Kf6 33.Kf2 {I 
expected this. It was more a joke. But I try it.}  
Rd7 {One should try always once and then do what 
is right.}  34.Rxd7 {.}  Nxd7 35.b4 g5 36.Ke3 Ke5 
37.f4+ gxf4+ 38.gxf4+ Kd6 39.Kd4 Nf6 40.c4 Nd7 
41.Kd3 a5 42.Kc3 {www.rtl.de/fasching}  Nf6 
43.bxa5 {;)}  bxa5 44.Kd4 Nd7 {Now Sc5 and either 
Sxa4 or Se6 and Sxf4. Good game.}  45.Ke3 {You 
can´t frustrated me! ;)}  Nc5 {I didn't want to - 
sorry if it seemed that way.}  0-1

[Event "HCL-C176"]
[Site "www.playchess.de"]
[Date "2001.02.26"]
[Round "6"]
[White "kec0594"]
[Black "Stef"]
[WhiteElo "1000"]
[BlackElo "1144"]
[PlyCount "39"]
[Result "1-0"]

1.d4 Nc6 2.d5 Ne5 3.f4 Ng6 4.f5 Ne5 5.e4 c5 6.Nc3 
b6 7.Bf4 f6 8.Qh5+ Nf7 9.Bc4 g6 10.fxg6 hxg6 
11.Qxg6 Rh4 12.g3 Rh6 13.Bxh6 Ngxh6 14.Nf3 Bb7 
15.g4 a5 16.g5 fxg5 17.Nxg5 Qc7 18.Nxf7 Ba6 
19.Nd6+ Kd8 20.Qe8+ 1-0

[Event "ACL-A093"]
[Site "www.playchess.de"]
[Date "2001.02.26"]
[Round "21"]
[White "King_Kong"]
[Black "peze2"]
[WhiteElo "1500"]
[BlackElo "2014"]
[PlyCount "22"]
[Result "0-1"]

1.Nf3 {Endlich ein deutscher Spieler ! Verschonen 
werde ich dich aber nicht ! ;-)}  Nf6 {...ich 
bitte darum, Mächtiger!}  2.g3 {werden wir sehen.} 
 d5 3.Ne5 Bf5 {Se5! ein meisterhafter Zug, 
Herrscher des Dschungels. Furchterregend!}  4.Nc3 
d4 5.Nb5 {Danke für die Blumen!}  a6 {:-)}  6.Na3 
Qd5 7.Nac4 Qxh1 {Sc4??? ...das war's wohl!}  8.Nf3 
Bh3 9.d3 Qxf1+ 10.Kd2 Qxf2 11.Qg1 
Qxg1 0-1

[Event "HCL-B177"]
[Site "www.playchess.de"]
[Date "2001.02.26"]
[Round "1"]
[White "victor"]
[Black "GANT"]
[WhiteElo "1545"]
[BlackElo "1200"]
[PlyCount "22"]
[Result "1/2-1/2"]

1.e4 e6 {Where do you live?}  2.d4 {Philippines. 
you are swedish ?}  d5 {Yes i´m swedish. Do you 
live in Manila?}  3.Nc3 {no I only worke there.}  
dxe4 4.Nxe4 Nd7 5.Nf3 Ngf6 6.Nxf6+ Nxf6 7.Bd3 c5 
8.dxc5 Bxc5 9.O-O O-O 10.Bg5 Be7 11.Qe2 
h6 1/2-1/2

[Event "HCL-C183"]
[Site "www.playchess.de"]
[Date "2001.02.26"]
[Round "8"]
[White "chipc"]
[Black "TuffGong"]
[WhiteElo "605"]
[BlackElo "1479"]
[PlyCount "54"]
[Result "0-1"]

1.e4 {Hello from Harrisburg, Pennsylvania in the 
USA!}  d5 {bishop}  2.f3 e6 {Knight, oh, Hello my 
friend, from Southern California, USA as well}  
3.Nc3 {Nice to meet you. Good luck!}  c6 {Thanks, 
You too.}  4.d4 Nf6 5.Nge2 Bd6 6.e5 Nh5 7.exd6 b5 
8.g4 Qh4+ 9.Ng3 Nxg3 10.h3 Nxh1+ 11.Kd2 b4 12.Ne2 
Qf2 13.f4 Ng3 14.c3 Nxf1+ 15.Kc2 Ba6 16.Kb3 Bxe2 
17.Qxe2 Qxe2 18.Kxb4 Na6+ 19.Ka3 Nd2 20.b3 c5 
21.Rb1 Nxb1+ 22.Ka4 Qxa2+ 23.Kb5 Kd7 24.dxc5 Na3+ 
25.Bxa3 Qxa3 26.c6+ Kxd6 27.f5 
Rab8+ 0-1

[Event "HCL-B178"]
[Site "www.playchess.de"]
[Date "2001.02.26"]
[Round "20"]
[White "MP"]
[Black "chucaniam"]
[WhiteElo "1567"]
[BlackElo "1500"]
[PlyCount "50"]
[Result "0-1"]

1.d4 Nf6 2.Nf3 e6 3.Bg5 Be7 4.e3 h6 5.Bxf6 Bxf6 
6.Bd3 c5 7.c3 cxd4 8.cxd4 O-O 9.Nc3 d5 10.O-O Nc6 
11.Rc1 Bd7 12.Re1 Rc8 13.a3 a6 14.b4 Be7 15.Ne5 
Nxe5 16.dxe5 Qc7 17.Qd2 Qxe5 18.Ne2 Bd6 19.g3 Qf6 
20.Rxc8 Rxc8 21.Rc1 Rxc1+ 22.Qxc1 e5 23.Qf1 e4 
24.Bc2 Qb2 25.Qb1 Qxa3 0-1

[Event "HCL-C186"]
[Site "www.playchess.de"]
[Date "2001.02.26"]
[Round "6"]
[White "Budgie"]
[Black "rookievanni"]
[WhiteElo "1000"]
[BlackElo "1000"]
[PlyCount "32"]
[Result "0-1"]

1.e4 Nc6 2.Nf3 Nf6 3.e5 Nd5 4.Bc4 Nb6 5.Bb3 e6 
{greetings!}  6.Nc3 Bb4 7.Na4 Nxa4 8.Bxa4 {what 
part of England are u from?}  d6 {Chester- How 
about you?}  9.exd6 {plymouth, iam originally from 
scotland}  Qxd6 {where in scotland?  I was born 
near Kilmarnock!}  10.c3 {Kirkcaldy in Fife}  Ba5 
{What Do You Do In Life?}  11.O-O {i recently got 
medically discharged from the royal navy so at the 
moment im not allowed to work!}  O-O {Interesting, 
I`m currently serving in the RAF!}  12.b3 {i have 
flown out of brize a few times}  b6 {I bet there 
was a delay each time!}  13.Qe2 {yup!!!!!!!!}  Ne5 
{What A surprise!  I have been to HMS Drake, 
(Plymouth I think) and recently to Yeovilton 
(Yeovil).}  14.Nxe5 {I was based at HMS Drake 
quite a few times but worked in the dockyard when 
I was there.}  Bb7 {What was your 
trade/rating/job?}  15.b4 {I was a marine engineer 
waiting to be rated to petty officer, same as 
youre sgt i think,and u?}  Qd5 {Actually I am A 
Sgt Aircraft Electrical Engineer.  I`m married 
with 5 kids, what about you?}  16.bxa5 {Yes I am 
married with 2 kids only. My other hobby is 
breeding and showing budgies.}  Qxg2+ {Hence the 
nickname eh!  I brought the wife two finches for 
xmas.  Any other pets?}  0-1

[Event "HCL-E028"]
[Site "www.playchess.de"]
[Date "2001.02.26"]
[Round "8"]
[White "FD515"]
[Black "peze2"]
[WhiteElo "2050"]
[BlackElo "2294"]
[PlyCount "46"]
[Result "1/2-1/2"]

1.e4 e5 2.Nf3 Nf6 3.Nc3 Nc6 4.Bb5 Nd4 5.Bc4 d6 
6.Nxd4 exd4 7.Ne2 Nxe4 8.d3 Nf6 9.Nxd4 Bg4 10.Qd2 
Qe7+ 11.Qe3 d5 12.Qxe7+ Bxe7 13.Bb5+ Bd7 14.Bxd7+ 
Kxd7 15.Nf5 Rhe8 16.O-O Bf8 17.Bg5 Re5 18.Bxf6 
Rxf5 19.Bc3 Re8 20.Rae1 Rxe1 21.Rxe1 Bc5 22.d4 Bd6 
23.h3 Rf4 1/2-1/2

[Event "ACL-A096"]
[Site "www.playchess.de"]
[Date "2001.02.26"]
[Round "21"]
[White "daniela"]
[Black "MP"]
[WhiteElo "1500"]
[BlackElo "1500"]
[PlyCount "43"]
[Result "1-0"]

1.e4 {I hope we will have an interesting game.}  
c5 2.Nf3 Nc6 3.d4 cxd4 4.Nxd4 e5 5.Nf3 Nf6 6.Bd3 
Be7 7.h3 O-O 8.g4 d5 9.exd5 Nxd5 10.Be4 Bh4 
11.Qxd5 Qxd5 12.Bxd5 Bf6 13.Bxc6 bxc6 14.Bg5 Bxg5 
15.Nxg5 f6 16.Nf3 Be6 17.Nbd2 Rad8 18.b3 Rd7 
19.O-O-O Rfd8 20.Rhe1 Bd5 21.c4 Bf7 
22.Ne4 1-0

[Event "ACL-A097"]
[Site "www.playchess.de"]
[Date "2001.02.26"]
[Round "15"]
[White "Vampyr"]
[Black "michaeljohn"]
[WhiteElo "1100"]
[BlackElo "1500"]
[PlyCount "44"]
[Result "0-1"]

1.e4 c5 {Hello from Washington, DC.}  2.Nf3 {hi}  
d6 {Where you from?}  3.c3 {france}  Nf6 {I lived 
in St. Malo for a year when I was a student, 30 
years ago.}  4.Be2 {cool}  Nbd7 5.Qc2 b6 6.d4 cxd4 
7.cxd4 Bb7 8.Nc3 Rc8 9.Qd3 e6 10.Be3 Be7 11.O-O 
O-O 12.Rac1 d5 13.e5 Ne4 14.Nd2 Nxc3 15.bxc3 Nb8 
16.f4 Ba6 17.c4 dxc4 {La position est trop 
interessante pour quitter maintenant.}  18.Nxc4 
{are you sure??}  Qd5 {I'm sure for now! It's 
dynamic even if it ends in a draw.}  19.Qb3 Nc6 
20.Bf3 Nxd4 21.Bxd4 Qxd4+ 22.Kh1 
Bxc4 0-1

[Event "HCL-B184"]
[Site "www.playchess.de"]
[Date "2001.02.26"]
[Round "2"]
[White "quant"]
[Black "Bauernopfer"]
[WhiteElo "1260"]
[BlackElo "1307"]
[PlyCount "72"]
[Result "0-1"]

1.e4 {hi good luck}  e5 {good luck, too}  2.Nf3 
Nc6 {.}  3.Bb5 Nge7 4.c3 a6 5.Ba4 d6 6.h3 Bd7 7.d4 
Ng6 8.O-O exd4 9.cxd4 Nce7 10.Bb3 c6 11.Bxf7+ Kxf7 
12.Ng5+ Ke8 13.Qf3 Qc7 14.Qf7+ Kd8 15.Qb3 Kc8 
16.Nc3 h6 17.Nf7 Rh7 18.f4 Nh8 19.Be3 g6 20.Nxh8 
Rxh8 21.Rac1 Rg8 22.Nd5 Nxd5 23.exd5 Rg7 24.dxc6 
bxc6 25.f5 gxf5 26.Bxh6 Rxg2+ 27.Kxg2 Bxh6 28.Rc3 
Rb8 {Interesting position. Let us play some more 
moves.}  29.Qa3 Rb6 30.Rb3 Bg7 {.}  31.Rd1 Be6 
32.Rb4 Rxb4 33.Qxb4 Bxa2 34.Re1 Qd8 35.Kh2 Qh4 
36.Qxd6 Qf2+ 0-1

[Event "HCL-C185"]
[Site "www.playchess.de"]
[Date "2001.02.26"]
[Round "21"]
[White "kldr"]
[Black "foxzy"]
[WhiteElo "1646"]
[BlackElo "1000"]
[PlyCount "37"]
[Result "1-0"]

1.d4 {Hello Zhongyi, good luck and an interesting 
game. Klaus}  d5 2.Nf3 Nc6 3.e3 Bg4 4.Be2 f6 
5.Nbd2 e5 6.c4 {Where in China do you live, 
Zhongyi?}  Bb4 {I'm in US now.}  7.O-O {I see.And 
where do you live there?}  e4 {I'm in Princeton. 
Where are you?}  8.Ne1 {In Essen,town in the 
Ruhrdistrict,Western part of Germany.}  Bf5 9.Qb3 
{Have a nice weekend, Zhongyi.  Klaus}  Nge7 
10.Nc2 Bxd2 {Hope you have a nice weekend too!}  
11.Bxd2 {Was not too bad.}  b6 12.cxd5 Nxd5 13.Bb5 
Qd6 14.Nb4 Ndxb4 15.Bxb4 Qd7 16.Rfc1 O-O-O 17.Rxc6 
Be6 18.Qxe6 Qxe6 19.Rxe6 1-0

[Event "HCL-B184"]
[Site "www.playchess.de"]
[Date "2001.02.26"]
[Round "30"]
[White "Gruhni"]
[Black "Yogibear"]
[WhiteElo "1320"]
[BlackElo "1836"]
[PlyCount "68"]
[Result "0-1"]

1.e4 {Hallo Jürgen und viel Glück, obwohl man das 
dir ja schon fast nicht wünschen braucht ;)}  c6 
{dankeschön-freue mich wie immer auf eine schöne 
Partie, dir auch viel Glück! Jürgen}  2.d4 d5 3.e5 
Bf5 4.Bd3 Bxd3 5.Qxd3 Qb6 6.Nf3 Qa6 7.Qxa6 Nxa6 
8.c3 c5 9.O-O e6 10.Be3 Rc8 11.Rc1 cxd4 12.cxd4 
Rxc1+ 13.Bxc1 Nb4 14.Nc3 Ne7 15.Bd2 Nec6 16.Rc1 
Nd3 17.Rb1 f6 18.exf6 gxf6 19.a3 Bd6 20.Be3 a6 
21.Ne1 Nxe1 22.Rxe1 Kf7 23.Ne2 Na5 24.b4 Nc4 
25.Ra1 Re8 26.Nc1 e5 27.Nb3 b6 28.dxe5 fxe5 29.Nd2 
b5 30.Nxc4 bxc4 31.g3 d4 32.Bg5 Kg6 33.h4 h6 
34.Bc1 c3 0-1

[Event "HCL-C188"]
[Site "www.playchess.de"]
[Date "2001.02.26"]
[Round "6"]
[White "Niloc"]
[Black "nikolayk"]
[WhiteElo "1000"]
[BlackElo "1401"]
[PlyCount "58"]
[Result "0-1"]

1.d4 g6 2.e4 Bg7 3.Nc3 d6 4.Nf3 e6 5.Bf4 Nc6 6.Bb5 
Bd7 7.O-O g5 8.Bxg5 Bf6 9.Bxf6 Qxf6 10.Qe2 O-O-O 
11.Rad1 Nh6 12.Rfe1 Rhg8 13.e5 Qg6 14.g3 d5 15.Qe3 
Nb4 16.Qd2 Nxc2 17.Nh4 Qh5 18.Qxc2 Qxh4 19.Qxh7 
Qh5 20.Re3 Bxb5 21.Nxb5 Qxd1+ 22.Kg2 Ng4 23.Qxf7 
Qc2 24.Re2 Qc4 25.a4 Kb8 26.b3 Qxe2 27.Qxc7+ Ka8 
28.Qc5 Qxf2+ 29.Kh3 Qxh2+ 0-1

[Event "ACL-A101"]
[Site "www.playchess.de"]
[Date "2001.02.26"]
[Round "4"]
[White "Mother_Teresa"]
[Black "Gandalf_9417"]
[WhiteElo "1474"]
[BlackElo "1901"]
[PlyCount "38"]
[Result "0-1"]

1.e4 c6 2.Nf3 d5 3.exd5 cxd5 4.Bb5+ Bd7 5.Bxd7+ 
Nxd7 6.d4 e6 7.Nc3 Ngf6 8.Bg5 Bb4 9.Bd2 Nb6 10.O-O 
Nc4 11.b3 Nxd2 12.Qxd2 Rc8 13.Qd3 Bxc3 14.Rad1 Qa5 
15.a4 Ne4 16.Qb5+ Qxb5 17.axb5 Nd6 18.Rdb1 Nxb5 
19.Ne5 Nxd4 0-1

[Event "HCL-C188"]
[Site "www.playchess.de"]
[Date "2001.02.26"]
[Round "21"]
[White "craigsadler"]
[Black "lsoule"]
[WhiteElo "549"]
[BlackElo "908"]
[PlyCount "54"]
[Result "0-1"]

1.e4 c5 2.Nf3 d6 3.d4 cxd4 4.Nxd4 Nf6 5.Nc3 Nc6 
6.Bc4 e6 7.Bg5 Be7 8.O-O h6 9.Bxf6 Bxf6 10.Nce2 
Nxd4 11.Nxd4 O-O 12.f4 Qb6 13.c3 e5 14.fxe5 dxe5 
15.Kh1 exd4 16.Qh5 Qxb2 17.Rxf6 Qxa1+ 18.Rf1 Qxc3 
19.Bxf7+ Kh8 20.h4 Be6 21.Rf6 Qc1+ 22.Kh2 Qc7+ 
23.Kg1 Bxf7 24.Rxh6+ gxh6 25.Qxh6+ Kg8 26.Qg5+ Kh7 
27.Qf5+ Bg6 0-1

[Event "HCL-B189"]
[Site "www.playchess.de"]
[Date "2001.02.26"]
[Round "3"]
[White "rockmountain"]
[Black "dakini"]
[WhiteElo "761"]
[BlackElo "1309"]
[PlyCount "26"]
[Result "0-1"]

1.e4 {good luck}  e5 2.Nf3 Nf6 {Sorry I was to 
fast moving and entering... So sincerely good luck 
too!}  3.Nc3 Bc5 4.Bd3 d6 5.O-O Ng4 6.a4 Nc6 7.b3 
Nd4 8.a5 Nxf3+ 9.Qxf3 {be in hosiptal till 26th}  
O-O {best wishes! Be back soon!}  10.Qe2 f5 {Back 
again? :-))}  11.Nb5 {yes ty}  Qh4 12.h3 fxe4 
13.Bxe4 Bxf2+ 0-1

[Event "HCL-B192"]
[Site "www.playchess.de"]
[Date "2001.02.26"]
[Round "8"]
[White "Translightor"]
[Black "Jeff_Foster"]
[WhiteElo "1417"]
[BlackElo "1437"]
[PlyCount "40"]
[Result "0-1"]

1.e4 {Hello, Jeff! Good luck!}  e5 {hi, good 
luck!}  2.Nf3 Nc6 3.Bb5 Nd4 4.Nxd4 exd4 5.O-O Bc5 
6.d3 c6 7.Bc4 d5 8.exd5 cxd5 9.Re1+ Ne7 10.Bxd5 
Qxd5 {?}  11.Nd2 {That wasn't me but my alter ego 
(who controls my fingers). I wanted to play Bb5+.} 
 O-O {eek, unlucky :(}  12.Ne4 {Never mind, I've 
also won games in a similiar manner!}  Re8 13.Bh6 
Bf5 14.Qf3 Bb6 15.Qg3 Ng6 16.Qf3 Bxe4 17.dxe4 Qc4 
18.Bg5 f6 19.b3 Qxc2 20.Re2 Qc3 0-1

[Event "HCL-B189"]
[Site "www.playchess.de"]
[Date "2001.02.26"]
[Round "18"]
[White "Bauernopfer"]
[Black "dakini"]
[WhiteElo "1305"]
[BlackElo "1309"]
[PlyCount "60"]
[Result "1/2-1/2"]

1.e4 e5 2.Nf3 Nc6 3.Nc3 Bb4 4.Bb5 Bxc3 5.Bxc6 dxc6 
6.bxc3 Bg4 7.h3 Bxf3 8.Qxf3 Qf6 9.Qxf6 Nxf6 10.d3 
h6 11.O-O O-O-O 12.Be3 b6 13.c4 c5 14.Rfd1 g5 
15.a4 Nd7 16.a5 Kb7 17.axb6 cxb6 18.Ra3 Rda8 19.c3 
a6 20.d4 Rhd8 21.dxc5 Nxc5 22.Rxd8 Rxd8 23.Bxc5 
Rd1+ 24.Kh2 bxc5 25.Rb3+ Ka7 {Ich möchte gerne 
noch etwas versuchen, bevor wir remis ins Auge 
fassen; ein Fehler meinerseits ist a}  26.Kg3 {Ich 
habe auch schon eine Vermutung was!}  h5 27.Kf3 
{.}  Re1 28.Ra3 a5 29.Rxa5+ Kb6 30.Ra3 
Rc1 1/2-1/2

[Event "ACL-A105"]
[Site "www.playchess.de"]
[Date "2001.02.26"]
[Round "1"]
[White "jefersonmello"]
[Black "pgschumy"]
[WhiteElo "1500"]
[BlackElo "1500"]
[PlyCount "32"]
[Result "0-1"]

1.e4 c5 {Hi!}  2.Nf3 Nc6 3.d4 cxd4 4.Nxd4 {Hello 
!}  Nf6 {Barrichelo, ole!}  5.Nc3 a6 6.Bg5 e6 
7.Nxc6 bxc6 8.e5 h6 9.Bxf6 gxf6 10.exf6 Qxf6 11.a3 
Rb8 12.Rb1 Rxb2 13.Ne2 Bxa3 14.g3 Bb4+ 15.Nc3 
Qxc3+ 16.Ke2 Rxc2+ 0-1